El profesor de religión católica: identidad y misión
Salvato in:
| Ente Autore: | |
|---|---|
| Natura: | Libro |
| Lingua: | spagnolo |
| Pubblicazione: |
Madrid
Edice
1998
|
| Soggetti: | |
| Tags: |
Aggiungi Tag
Nessun Tag, puoi essere il primo ad aggiungerne!!
|
MARC
| LEADER | 00000nam a2200000 a 4500 | ||
|---|---|---|---|
| 001 | UCK7826 | ||
| 003 | CL-VaPUC | ||
| 008 | 051216e19980000SP |||||||||||||||||spa|d | ||
| 020 | |a 8471413779 | ||
| 082 | 0 | 4 | |a 268.6 |b COM |2 21 |
| 110 | 2 | |a Comisión Episcopal de Enseñanza y Catequesis |e author |9 497485 | |
| 245 | 1 | 3 | |a El profesor de religión católica: identidad y misión |
| 300 | |a 77 p | ||
| 942 | |c BK | ||
| 945 | |d 20051216 00:00:00 |a jtorresc | ||
| 260 | |a Madrid |b Edice |c 1998 | ||
| 650 | 0 | |a Religión católica |9 399371 | |
| 650 | 0 | |a Currículo |9 307290 | |
| 650 | 0 | |a Enseñanza de la religión |9 432005 | |
| 650 | 0 | |a Catequesis |9 314526 | |
| 650 | 0 | |a Educación religiosa |9 308312 | |
| 583 | |a last modification |c 20051216 00:00:00 |k Rodrigo Vera | ||
| 999 | |c 315668 |d 315666 | ||
| 952 | |0 0 |1 0 |4 0 |6 268_600000000000000_COM_1998 |7 0 |8 A |9 389253 |a BIBTEO |b BIBTEO |d 2019-11-22 |i 4192591 |o 268.6 COM 1998 |p 4192591 |r 2025-01-17 |w 2019-11-22 |y BK |k ICR | ||